000 00229 a2200109 4500
001 51070
040 _cAnchieta - Pituba
240 1 0 _aPluralidade Cultural
_l
245 1 0 _aPluralidade Cultural
650 4 _aEducação
942 _cMX
999 _c51070
_d51070